Suomen kunnat, joiden nimissä on vain 1 tai 2 vokaalia - Statistics

Yleistilastot
  • Tätä visaa on pelattu 977 kertaa
    973 viimeisimmän päivityksen jälkeen
  • Keskiarvotulos 22 / 39
Vastaustilastot
Kunta % Oikein
Ii
79%
Kemi
78%
Pori
77%
Lemi
75%
Salo
74%
Turku
73%
Föglö
70%
Sund
70%
Geta
68%
Brändö
66%
Lahti
66%
Vårdö
66%
Forssa
61%
Hanko
61%
Simo
61%
Juva
60%
Lohja
60%
Kökar
59%
Kotka
58%
Salla
58%
Saltvik
58%
Masku
56%
Finström
55%
Vihti
55%
Pello
53%
Rusko
53%
Lemland
52%
Jämsä
47%
Kuhmo
47%
Tervo
47%
Nurmes
46%
Loppi
45%
Perho
45%
Koski Tl
43%
Korsnäs
42%
Muhos
40%
Sysmä
40%
Virrat
39%
Kannus
34%
Ehtoja vastaavia visoja ei löytynyt
Tulosjakauma
Jokaisen tuloksen saaneiden osuus
Persentiili vastausten määrän mukaan
Tuloshistoriasi
Et ole pelannut tätä visaa sen viimeisimmän päivityksen jälkeen